000 00760nam a2200229 a 4500
005 20070119085348.0
008 060831s2006 ii b 000 0 eng
010 _aENG-91379
020 _c150.00
035 _aEN-74912
037 _bDBAD / PUB
040 _adpl
_bEnglish
082 _a546
100 _aAnuradha, S.M.
245 _aInorganic chemistry /
_cby S.M. Anuradha
260 _aErode
_bPallavi Pathippagam
_c2008
300 _a123p
_c22cm (pbk)
520 _aHistory of Kashmiri Pandits and Kashmir, India.
650 _2
_aChemistry, Inorganic
942 _2ddc
_cEN
_mANU
_h546
999 _c16886
_d16886